• 首页
  • 本馆介绍
  • 公告通知
  • 最新文献
  • 馆藏检索
  • 电子资源
  • 读者导购
  • 参考咨询
  • 我的图书馆
  • 登录
  • 详细信息显示
  • 放入我的书架
  • 预约/预借图书
  • 作者相关作品
  • 分类相关作品
  • 丛书相关作品
  • 出版社相关作品

书目信息

  • 表格格式
  • 工作单格式
  • 卡片格式
题名:
写作基础知识
    
 
作者: ;河北省中师函授教材选编组 编
分册:  
出版信息:    1981
页数: 140页
开本: 19cm
丛书名:
单 册:
中图分类: H052
科图分类:
主题词: 写作学 , 修辞学
电子资源:
ISBN:
000 00656nam0 2200217 45
001 0303190859
005 20060815084042.89
010    @dCNY0.35
091    @a9086.19
100    @a20030319d1981 km y0chiy0120 ea
101 0  @achi
200 1  @a写作基础知识@AXie Zuo Ji Chu Zhi Shi@f河北省中师函授教材选编组编@Fhe bei sheng zhong shi han shou jiao cai xuan bian zu bian
210    @d1981
215    @a140页@d19cm
300    @a河北省中师函授教材
606 0  @a写作学
606 0  @a修辞学
690    @aH052@v3
711  0 @a河北省中师函授教材选编组@Ahe bei sheng zhong shi han shou jiao cai xuan bian zu@4编
801    @aCN@bTSTC@c20060815
905    @dH052@e103
    
    写作基础知识/河北省中师函授教材选编组编.-1981
    140页;19cm
    河北省中师函授教材
    
    ISBN :CNY0.35
    
●
相关链接 在E读中查询图书 在五车中查询图书 在当当中查询图书 在豆瓣中查询图书


正题名:写作基础知识     索取号:H052/103         预约/预借

序号 登录号 条形码 馆藏地/架位号 状态 备注
1 0436447   204364473   密集书库/ [索取号:H052/103] 在馆    
2 0462677   204626770   密集书库/ [索取号:H052/103] 在馆    
唐山师范学院图书馆 欢迎您!
大连网信软件有限公司© 版权所有